Sociálne aspekty transformačných procesov v agrárnom sektore.
Ekonomické problémy poľnohospodárskych podnikov a ich sociálne dopady. Znižovanie zamestnanosti. Pokles čerpania podnikovej spoločenskej spotreby. Vývoj miezd. Podniková sociálna politika.
Gespeichert in:
| 1. Verfasser: | |
|---|---|
| Format: | Buchkapitel |
| Sprache: | Slowakisch |
| Schlagworte: | |
| Tags: |
Keine Tags, Fügen Sie das erste Tag hinzu!
|
MARC
| LEADER | 00000naa a2200000 4500 | ||
|---|---|---|---|
| 001 | r010017 | ||
| 005 | 20220831085048.2 | ||
| 041 | 0 | |a slo | |
| 044 | |a [CS] | ||
| 245 | 1 | 0 | |a Sociálne aspekty transformačných procesov v agrárnom sektore. |c Stanislav Buchta |
| 520 | |a Ekonomické problémy poľnohospodárskych podnikov a ich sociálne dopady. Znižovanie zamestnanosti. Pokles čerpania podnikovej spoločenskej spotreby. Vývoj miezd. Podniková sociálna politika. | ||
| 610 | 2 | 0 | |a podnik poľnohospodársky |
| 610 | 2 | 0 | |a politika sociálna |
| 610 | 2 | 0 | |a zamestnanosť |
| 610 | 2 | 0 | |a mzdy |
| 610 | 2 | 0 | |a transformácia |
| 610 | 2 | 0 | |a ČSFR |
| 100 | 1 | |a Buchta, Stanislav | |